00393cam a22001217a 4500008004000000082001300040100002500053245011100078260002700189300001000216650002100226700002400247180718b1950 xxu||||| |||| 00| 0 eng d aR12 K649 aKitson, Harry Dexter aHelping people find jobs: how to operate a placement officecby Harry Dexter Kitson and Juna Barnes Newton aNew YorkbHarperc1950 a265p. aPlacement office aNewton, Juna Barnes